| 000 | 00749cam a2200193 a 4500 | ||
|---|---|---|---|
| 001 | 000003084 | ||
| 005 | 20200929150326.0 | ||
| 008 | 970904s1997 mx a 001 p spa | ||
| 040 |
_aDO-SdBNP _bspa _cBNPHU |
||
| 041 | 1 | 7 |
_aspa _2eng |
| 082 |
_a861.08 _bP953a |
||
| 245 | 0 | 0 |
_aPrimera antología de la poesía homosexual : _blos arquetipos orales de veneno, fango, punción, mutilación y devoración / _cpor Fredo Arias de la Canal [compilador]. |
| 260 |
_aMéxico, D. F. : _bFrente de Afirmación Hispanista, _c1997. |
||
| 300 |
_axv, 299 p. : _bil. ; _c23 cm. |
||
| 546 | _aTexto en español e inglés | ||
| 650 | 4 |
_aPoesía _xColecciones _99729 |
|
| 650 | 4 |
_aHomosexualidad en la literatura _99730 |
|
| 700 | 1 |
_aArias de la Canal, Fredo ; _ecomp. _98096 |
|
| 999 |
_c2915 _d2915 |
||